000 00539nam a2200205Ia 4500
008 230125s9999 xx 000 0 und d
020 _a81-87336-13-7
041 _aeng
082 _a005.1
_bBAL
100 _aGoel S K
_9110531
245 _aSoftware management
260 _c1999
_bDominant publisher
_aNew Delhi
300 _a317p
500 _aSoftware management,Software engineering
500 _aSoftware engineering;SE
650 _aComputer Management
700 _aGoel S K
_9110531
906 _b89
999 _c89787
_d89787